| LEADER | 01041nam a22002892a 4500 | ||
|---|---|---|---|
| 001 | 001740570 | ||
| 003 | CZ BrMZK | ||
| 005 | 20200402201112.0 | ||
| 007 | ta | ||
| 008 | 200402s1952 xr er|||||||||||cze d | ||
| 015 | |a cnb000507401 | ||
| 035 | |a (OCoLC)85312159 | ||
| 040 | |a ABA001 |b cze |c OLA001 |d ABA001 |d BOA001 | ||
| 072 | 7 | |a 678 |x Průmysl makromolekulárních látek. Gumárenský průmysl. Průmysl plastů |2 Konspekt |9 19 | |
| 080 | |a 678.5/.8 |2 MRF | ||
| 080 | |a (085.6/.7) |2 MRF | ||
| 245 | 0 | 0 | |a Ceník státních velkoobchodních cen chemických výrobků na rok 1953. |n Díl 11, |p Plastické hmoty základní a tvarované |
| 246 | 3 | 0 | |a Plastické hmoty základní a tvarované |
| 260 | |a Praha : |b Min. chem. průmyslu, |c [1952] | ||
| 300 | |a 52 s. | ||
| 500 | |a Věcný rejstřík | ||
| 650 | 0 | 7 | |a plasty |7 ph124105 |2 czenas |
| 655 | 7 | |a ceníky |7 fd131951 |2 czenas | |
| 910 | |a BOA001 |b X2-0301.324,11 | ||
| 990 | |a BK | ||
| 991 | |b 202004 | ||
| 996 | 6 | |b 2618851279 |c X2-0301.324,11 |l MZK |r Sklad / do 24 hodin |n 0 |w 001792346 |u 000010 |a 1 |e BOA001 |j MZK50 |s P | |
English
Čeština 